Người xây dựng = The Builder số 331 & 332
Nội dung số này trình bày:đổi mới quản lý; quy hoạch - kiến trúc - đô thị và xã hội; diễn đàn khoa học công nghệ; trang văn hóa xây dựng; nhìn ra nước ngoài; doanh nghiệp và thị trường;..
Đã lưu trong:
| Formáid: | Leabhar |
|---|---|
| Teanga: | Vietnamese |
| Foilsithe: |
H.
Tổng Hội Xây dựng Việt Nam
2019
|
| Ábhair: | |
| Clibeanna: |
Cuir Clib Leis
Gan Chlibeanna, Bí ar an gcéad duine leis an taifead seo a chlibeáil!
|
| Thư viện lưu trữ: | Thư viện Trường Đại học Nam Cần Thơ |
|---|
| LEADER | 01093nam a22002297a 4500 | ||
|---|---|---|---|
| 001 | NCT_116313 | ||
| 008 | 220304b xxu||||| |||| 00| 0 vie d | ||
| 999 | |c 5932 |d 5932 | ||
| 022 | |a 0866-8531 | ||
| 041 | 0 | |a vie | |
| 082 | 0 | 4 | |2 23rd ed. |a 624 |b Ng558X |
| 245 | 0 | 0 | |a Người xây dựng |b = The Builder |n số 331 & 332 |c Tổng Hội Xây dựng Việt Nam |
| 260 | |a H. |b Tổng Hội Xây dựng Việt Nam |c 2019 | ||
| 300 | |c 30cm | ||
| 310 | |a Tháng 1 kỳ | ||
| 362 | |a 5&6/2019 | ||
| 520 | 3 | |a Nội dung số này trình bày:đổi mới quản lý; quy hoạch - kiến trúc - đô thị và xã hội; diễn đàn khoa học công nghệ; trang văn hóa xây dựng; nhìn ra nước ngoài; doanh nghiệp và thị trường;.. | |
| 653 | |a Kỹ thuật xây dựng | ||
| 655 | |a Tạp chí | ||
| 942 | |2 ddc |c CR | ||
| 952 | |0 0 |1 0 |2 ddc |4 0 |6 624_000000000000000_NG558X |7 0 |9 23442 |a 000001 |b 000001 |d 2022-04-28 |o 624 Ng558X |r 2022-04-28 |w 2022-04-28 |y CR | ||
| 980 | |a Thư viện Trường Đại học Nam Cần Thơ | ||